000 00854nam a2200241 a 4500
001 000015479
005 20200929164043.0
008 100210s2007 dr 000 0 spa d
020 _a9789993462675
040 _aDO-SdBNP
_bspa
_cBNPHU
082 _axxxx
100 1 _aBáez, Etzel
_91988
245 1 0 _aCortometraje :
_bnotas sobre el arte de hacer cine /
_cEtzel Báez ; prólogo Juan La Mur.
260 _aSanto Domingo :
_bUASD,
_c2007.
300 _a262 p. ;
_c21 cm.
490 1 _aPublicaciones de la Universidad Autónoma de Santo Domingo
_vv. 1316
490 1 _aDerecho y política
_vv. 19
504 _aIncluye bibliografías (p. 255-256)
700 1 _aLa Mur, Juan,
_epról.
_934961
830 0 _aPublicaciones de la Universidad Autónoma de Santo Domingo
_nno. 1316
_934962
830 0 _aDerecho y política
_nno. 19
_934963
049 _aBNPD
999 _c15035
_d15035